| 000 | 00793nam a2200217 i 4500 | ||
|---|---|---|---|
| 001 | bgj | ||
| 100 | 1 |
_aBILLET, C. Douglas _d(1949- ) |
|
| 245 | 1 | 0 |
_aJak lepiej prowadzić korespondencję w biznesie : _bpodręczny przewodnik po międzynarodowej korespondencji w języku angielskim / _cC. Douglas Billet ; przekład: Ewa Witalisz. |
| 260 |
_aKraków : _bWydawnictwo Egis Sp. z o. o., _cc. 2004. |
||
| 300 |
_a184 pp : _bill., photos ; _c23 cm. |
||
| 650 | 9 |
_aEnglish language _xBusiness letters |
|
| 650 | 9 |
_aEnglish language _xBusiness correspondence |
|
| 655 | _aHandbooks for foreigners | ||
| 700 | 1 |
_aWITALISZ, Ewa. _etranslator |
|
| 020 | _a8373960732 | ||
| 040 | _cBPK | ||
| 041 | 0 |
_apol _heng |
|
| 920 | _a83-7396-073-2 | ||
| 942 | _cKS | ||
| 008 | s pl f |000 0 pol | ||
| 999 |
_c48740 _d48740 |
||
| 856 |
_uhttp://koha.tu.koszalin.pl/cgi-bin/koha/opac-detail.pl?biblionumber=48740 _yKatalog online BPK |
||